| 000 | 005410000a22001810004500 | ||
|---|---|---|---|
| 003 | MACL | ||
| 005 | 20160510153900.0 | ||
| 008 | 160510b xxu||||| |||| 00| 0 eng d | ||
| 040 |
_aMACL _cMACL |
||
| 041 | _aHindi | ||
| 082 | _a891.431 DAS | ||
| 100 |
_aदाश, अनिमा _956012 |
||
| 245 |
_aपदम गंधा _cअनिमा दाश |
||
| 260 |
_bशबनम पुस्तक महल _c2000 _aभुवरेश्वर |
||
| 350 | _a100 | ||
| 650 |
_aPoetry _956013 |
||
| 942 |
_cHIN _k891.431/DAS/P _2ddc |
||
| 999 |
_c12670 _d12670 |
||